Puntos de referencia / (Registro nro. 27524)
[ vista simple ]
| 000 -LEADER | |
|---|---|
| fixed length control field | 00766nam a22002297a 4500 |
| 005 - DATE AND TIME OF LATEST TRANSACTION | |
| control field | 20150124122934.0 |
| 008 - FIXED-LENGTH DATA ELEMENTS--GENERAL INFORMATION | |
| fixed length control field | 111125t sp||||| |||| 00| 0 spa d |
| 020 ## - INTERNATIONAL STANDARD BOOK NUMBER | |
| International Standard Book Number | 9788474321975 |
| 050 04 - LIBRARY OF CONGRESS CALL NUMBER | |
| Classification number | ML60 |
| Item number | B68 2008 |
| 100 1# - MAIN ENTRY--PERSONAL NAME | |
| Personal name | Boulez, Pierre |
| 245 10 - TITLE STATEMENT | |
| Title | Puntos de referencia / |
| Statement of responsibility, etc | Pierre Boulez ; traducciónEduardo J. Prieto ; revisión técnica María Teresa Criscuolo |
| 250 ## - EDITION STATEMENT | |
| Edition statement | 1a ed. |
| 260 ## - PUBLICATION, DISTRIBUTION, ETC. (IMPRINT) | |
| Place of publication, distribution, etc | Barcelona, España : |
| Name of publisher, distributor, etc | Editorial Gedisa, |
| Date of publication, distribution, etc | r2008 |
| 300 ## - PHYSICAL DESCRIPTION | |
| Extent | 495 p. ; |
| Dimensions | 22 cm. |
| 440 #0 - SERIES STATEMENT/ADDED ENTRY--TITLE | |
| Title | Música / estética Serie CLA-DE-MA |
| 500 ## - GENERAL NOTE | |
| General note | Traducción de . Poins de reperé |
| 504 ## - BIBLIOGRAPHY, ETC. NOTE | |
| Bibliography, etc | Incluye índice |
| 650 #4 - SUBJECT ADDED ENTRY--TOPICAL TERM | |
| Topical term or geographic name as entry element | Literatura |
| General subdivision | Música |
| 700 1# - ADDED ENTRY--PERSONAL NAME | |
| Personal name | Prieto, Eduardo J., |
| Relator term | tr. |
| 700 1# - ADDED ENTRY--PERSONAL NAME | |
| Personal name | Criscuolo, María Teresa, |
| Relator term | rev. tec. |
| 942 ## - ADDED ENTRY ELEMENTS (KOHA) | |
| Source of classification or shelving scheme | Biblioteca del Cogreso de los Estados Unidos |
| Koha item type | Libro |
| Estado de pérdida | Fuente de clasificación | Estado del daño | No para préstamo | Ubicación permanente | Ubicación actual | Apartado o colección | Fecha de adquisición | Clasificación | Código de Barras | Date last seen | Número de copia | Tipo de recurso |
|---|---|---|---|---|---|---|---|---|---|---|---|---|
| Biblioteca del Cogreso de los Estados Unidos | Biblioteca de la Facultad de Bellas Artes | Biblioteca de la Facultad de Bellas Artes | General | 25/11/2011 | ML60 B68 r2008 | BBA000000918 | 16/01/2015 | C : 1 | Libro |